LEADER 01066nam0 22002771i 450 001 VAN0015268 005 20060102120000.0 020 $aIT$b75 10781 100 $a20040115e19741909 |0itac50 ba 101 $aita 102 $aIT 105 $a|||| ||||| 200 1 $aˆL' ‰eversione della feudalita nel Napolitano$edottrine che vi prelusero, storia, legislazione e giurisprudenza 210 $a[Bologna]$cForni$d1974 215 $a1011 p.$cill.$d21 cm. 606 $aFeudalesimo$xNapoli $x1083-1902$3VANC007915$2FI 620 $dBologna$3VANL000003 676 $a945.73$v21 700 1$aPerrella$bAlfonso$3VANV011083$0448106 712 $aForni$3VANV108290$4650 801 $aIT$bSOL$c20230616$gRICA 899 $aBIBLIOTECA DEL DIPARTIMENTO DI GIURISPRUDENZA$1IT-CE0105$2VAN00 912 $aVAN0015268 950 $aBIBLIOTECA DEL DIPARTIMENTO DI GIURISPRUDENZA$d00CONS XXIV.Eb.189 bis $e00 798444828 20041027 996 $aEversione della feudalità nel Napolitano$9168482 997 $aUNICAMPANIA